000 00869nam a2200205 i 4500
001 113088
003 ES-MaACL
005 20251212063020.0
007 t|
008 061121s1924 xxu r ||||1| spa d
100 1 _aNúñez de Arenas, Manuel,
_d1886-1951
_9175837
245 1 0 _aDon Ramón de la Sagra, reformador social
_b: memoria presentada para aspirar al grado de doctor en la Facultad de Filosofía y Letras (Sección de Filosofía) /
_cpor Manuel Núñez de Arenas y de la Escosura.
260 _aNew York :
_b[s. n.],
_c1924 (
_eTours :
_fImp. E. Arrault et Cie.)
300 _a203 p. ;
_c25 x 16 cm.
502 _aTesis doctoral.
600 1 4 _aLa Sagra, Ramón de,
_d1798-1871
_9101445
710 2 _aUniversidad Central (Madrid).
_bFacultad de Filosofía y Letras.
_97092
852 4 _aES-MaACL
_jR-1904
_xOlim: E-9889.
999 _c113088
_d113088